La estética de la Arquitectura / (Record no. 139357)

MARC details
000 -LEADER
campo de control de longitud fija 00603nam a2200193 4500
001 - NÚMERO DE CONTROL
campo de control 139357
003 - IDENTIFICADOR DE NÚMERO DE CONTROL
campo de control ES-MaACL
007 - CAMPO FIJO DE DESCRIPCIÓN FÍSICA--INFORMACIÓN GENERAL
campo de control de longitud fija t|
008 - DATOS DE LONGITUD FIJA--INFORMACIÓN GENERAL
campo de control de longitud fija 070214s1985 sp r ||||1| spa d
100 1# - ENTRADA PRINCIPAL--NOMBRE DE PERSONA
Nombre de persona Scruton, Roger.
9 (RLIN) 104969
245 13 - MENCIÓN DEL TÍTULO
Título La estética de la Arquitectura /
Mención de responsabilidad, etc. Roger Scruton ; versión de Jesús Fernández Zulaica.
260 ## - PUBLICACIÓN, DISTRIBUCIÓN, ETC.
Lugar de publicación, distribución, etc. Madrid :
Nombre del editor, distribuidor, etc. Alianza,
Fecha de publicación, distribución, etc. 1985.
300 ## - DESCRIPCIÓN FÍSICA
Extensión 287 p. :
Otras características físicas il. ;
Dimensiones 23 cm.
490 1# - MENCIÓN DE SERIE
Mención de serie Alianza forma ;
Designación de volumen o secuencia 51
700 1# - ENTRADA AGREGADA--NOMBRE PERSONAL
Nombre de persona Fernández Zulaica, Jesús.
9 (RLIN) 50198
830 00 - PUNTO DE ACCESO ADICIONAL DE SERIE-TÍTULO UNIFORME
Título uniforme Alianza forma
Designación de volumen o secuencia 51
9 (RLIN) 177869
852 ## - LOCALIZACIÓN
Ubicación ES-MaACL
Número de control de estantería L-8812
Sublocalización o colección R.110504
Holdings
Estatus retirado Estado de pérdida Estado de daño No para préstamo Biblioteca de origen Biblioteca actual Ubicación en estantería Fecha de adquisición Fuente de adquisición Total de préstamos Signatura topográfica completa Código de barras Visto por última vez Precio de reemplazo Tipo de ítem Koha
        Biblioteca del Ateneo de Madrid Biblioteca del Ateneo de Madrid Depósito 2 17/01/2008     L-8812 1145023 23/02/2023 23/02/2023 Libro impreso